[Event "Kemerovo-ch1"]
[Site "Kemerovo"]
[Date "2009.02.04"]
[Round "5"]
[White "Everzov, Nikolay I"]
[Black "Fofanov, Anton S"]
[Result "1-0"]
[WhiteElo "1782"]
[BlackElo "1705"]
[PlyCount "65"]
[EventDate "2009.01.27"]
[EventType "tourn"]
[EventRounds "9"]
[EventCountry "RUS"]
[SourceTitle "EXT 2012"]
[Source "ChessBase"]
[SourceDate "2011.11.24"]
[SourceVersion "1"]
[SourceVersionDate "2011.11.24"]
[SourceQuality "1"]

1. e4 e5 2. Nf3 d6 3. Bc4 c6 4. c3 Be7 5. a4 a5 6. d4 Bg4 7. Qb3 Bxf3 8. Bxf7+ Kf8 9. gxf3 Qc7 10. Nd2 Nd7 11. Nf1 exd4 12. cxd4 Ngf6 13. Ng3 d5 14. exd5 Nxd5 15. Be6 Bb4+ 16. Kf1 N7f6 17. Nf5 Re8 18. Bxd5 Re1+ 19. Kg2 Nxd5 20. Bd2 Bxd2 21. Rhxe1 Nf4+ 22. Kf1 Bxe1 23. Rxe1 Nd5 24. Qa3+ Kf7 25. Nd6+ Kg6 26. Qd3+ Kh5 27. Qf5+ g5 28. Qg4+ Kg6 29. Re6+ Nf6 30. Qf5+ Kh5 31. Qxf6 h6 32. Qg6+ Kh4 33. Re4+ 1-0